The primary classical language of the world, (Record no. 84384)

MARC details
000 -LEADER
fixed length control field 00794cam a22002411 4500
001 - CONTROL NUMBER
control field sa 68012206
003 - CONTROL NUMBER IDENTIFIER
control field DLC
005 - DATE AND TIME OF LATEST TRANSACTION
control field 20260227112608.0
008 - FIXED-LENGTH DATA ELEMENTS--GENERAL INFORMATION
fixed length control field 720410s1966 ii c b 00010 eng
010 ## - LIBRARY OF CONGRESS CONTROL NUMBER
LC control number sa 68012206 //r842
025 ## - OVERSEAS ACQUISITION NUMBER
Overseas acquisition number PL480:I-E-10908
043 ## - GEOGRAPHIC AREA CODE
Geographic area code a-ii---
050 0# - LIBRARY OF CONGRESS CALL NUMBER
Classification number PL4751
Item number .D42
082 ## - DEWEY DECIMAL CLASSIFICATION NUMBER
Classification number 494/.811/09
100 10 - MAIN ENTRY--PERSONAL NAME
Personal name Tēvanēyan̲, Ñā.
Fuller form of name (Ñānamuttan̲),
Dates associated with a name 1902-1981.
245 14 - TITLE STATEMENT
Title The primary classical language of the world,
Statement of responsibility, etc. by G. Devaneyan.
250 ## - EDITION STATEMENT
Edition statement [1st ed.]
260 0# - PUBLICATION, DISTRIBUTION, ETC.
Place of publication, distribution, etc. Ka[t]padi Estension, North Arcot Dt.,
Name of publisher, distributor, etc. Nesamani Pub. House; [copies can be had of Paari Nilayam, Madras,
Date of publication, distribution, etc. 1966]
300 ## - PHYSICAL DESCRIPTION
Extent xvi, 313 p.
Other physical details port.
Dimensions 23 cm.
350 ## - PRICE (NR) (BK AM CF MU VM SE) [OBSOLETE]
Price 15.00
504 ## - BIBLIOGRAPHY, ETC. NOTE
Bibliography, etc. note "Bibliography and abbreviations": p. xi-xiv.
650 #0 - SUBJECT ADDED ENTRY--TOPICAL TERM
Topical term or geographic name entry element Tamil language
General subdivision History.

No items available.

Powered by Koha